Exporting to Canada : a handbook.

Bibliographic Details
Corporate Author: Trade Facilitation Office Canada
Format: Book
Published: Ottawa: Trade Facilitation Office Canada, 1995.
Edition:4th ed..
Subjects:
LEADER 00530cam a2200181 7i4500
001 0000004530
005 19991025090000.0
002 ##000006030
020 0 0 |a T000004938  
090 0 0 |a CAND 382.6   |b TRA 
110 1 0 |a Trade Facilitation Office Canada 
245 1 0 |a Exporting to Canada :   |b a handbook. 
250 0 0 |a 4th ed.. 
260 0 0 |a Ottawa:   |b Trade Facilitation Office Canada,   |c 1995. 
300 0 0 |a 74 p.. 
650 0 0 |a Exports --   |x Handbooks --   |z Canada  
651 0 0 |a Canada  
999 |a 0000007235  |b Book  |c Open shelf  |e Business Information Centre